Top five US presidents who has softest neck - Statistics

General Stats
  • This quiz has been taken 62 times
  • The average score is 4 of 5
Answer Stats
Answer % Correct
George Bush the younger
89%
Barack Obama
80%
Bill Clinton
75%
Jimmy Carter
75%
Ronald Reagan
73%
No matching quizzes found
Score Distribution
Percent of People with Each Score
Percentile by Number Answered
Your Score History
You have not taken this quiz